000 01170cam a2200313 a 4500
999 _c3870
_d3870
001 632892
003 OSt
005 20250919020003.0
008 930506s1995 enka b 001 0 eng
010 _a 93002078
020 _a0521304199 (hardback)
020 _a0521316871 (pbk.)
040 _aDLC
_cDLC
_dDLC
041 1 _aeng
_hger
050 0 0 _aQK566
_b.H6413 1995
082 0 0 _a589
_220
_bHOE 1995
100 1 _aHoek, C. van den; Mann, D. G.; Jahns, Hans Martin.
_98486
245 1 0 _aAlgae :
_ban introduction to phycology
260 _bCambridge University Press,
_c1995.
300 _axiv, 623 p. :
_bill. ;
_c26 cm.
504 _aIncludes bibliographical references (p. [532]-608) and indexes.
650 0 _aAlgology.
_98477
650 0 _aAlgae.
_98476
856 4 1 _3Table of contents
_uhttp://www.loc.gov/catdir/toc/cam032/93002078.html
856 4 2 _3Publisher description
_uhttp://www.loc.gov/catdir/description/cam025/93002078.html
906 _a7
_bcbc
_corignew
_d1
_eocip
_f19
_gy-gencatlg
942 _2ddc
_cSLOAN
_01